Países do Mercosul - Statistics

Estatísticas Gerais
  • Esse quiz foi jogado 172 vezes
  • A pontuação média é 6 de 6
Estatísticas das Respostas
Status Resposta % Correto
País Membro Argentina
100%
País Membro Brasil
100%
País Membro Paraguai
99%
País Membro Uruguai
99%
País Membro Bolívia
98%
País Suspenso Venezuela
97%
Nenhum quiz correspondente encontrado
Distribuição das Pontuações
Porcentagem de Pessoas com Cada Pontuação
Percentil de Números Respondidos
Sua Pontuação Histórica
Você não jogou esse quiz